Metodología del Antiguo Testamento
Guardat en:
| Autors principals: | , , , |
|---|---|
| Format: | Llibre |
| Idioma: | espanyol |
| Publicat: |
Salamanca
Ediciones Sígueme
2001
|
| Col·lecció: | Biblioteca de Estudios Bíblicos, 106
|
| Matèries: | |
| Etiquetes: |
Afegir etiqueta
Sense etiquetes, Sigues el primer a etiquetar aquest registre!
|
MARC
| LEADER | 00000cam a2200000 a 4500 | ||
|---|---|---|---|
| 001 | UCF6475 | ||
| 003 | CL-VaPUC | ||
| 008 | 130425e20010000SP |||||||||||||||||spa|d | ||
| 020 | |a 8430114394 | ||
| 082 | 0 | 4 | |a 221 |b SIM |2 21 |
| 100 | 0 | |a Simian-Yofre, Horacio |e author |9 568454 | |
| 700 | 0 | |a Gargano, Innocenzo |e author |9 568455 | |
| 700 | 0 | |a Pisano, Stephen |e author |9 568456 | |
| 700 | 0 | |a Ska, Jean-Louis |e author |9 568457 | |
| 245 | 1 | 0 | |a Metodología del Antiguo Testamento |
| 300 | |a 249 p | ||
| 942 | |c BK | ||
| 945 | |d 20130425 00:00:00 |a dcastane | ||
| 260 | |a Salamanca |b Ediciones Sígueme |c 2001 | ||
| 650 | 0 | |a Antiguo testamento |9 313678 | |
| 650 | 0 | |a Crítica e interpretación |9 255042 | |
| 583 | |a last modification |c 20130425 11:23:00 |k Rodrigo Vera | ||
| 490 | 0 | |a Biblioteca de Estudios Bíblicos, 106 | |
| 999 | |c 351653 |d 351651 | ||
| 952 | |0 0 |1 0 |4 0 |6 221_000000000000000_SIM_2001 |7 0 |8 A |9 455883 |a BIBTEO |b BIBTEO |d 2019-11-22 |i 4967593 |l 2 |m 1 |o 221 SIM 2001 |p 4967593 |r 2025-01-17 |s 2023-04-03 |w 2019-11-22 |y BK |k ICR | ||
| 952 | |0 0 |1 0 |3 erb |4 0 |6 221_000000000000000_SIM_2001 |7 0 |8 A |9 455884 |a BIBTEO |b BIBTEO |d 2019-11-22 |i 5000718 |l 2 |m 1 |o 221 SIM 2001 |p 5000718 |r 2025-05-06 |s 2025-04-07 |w 2019-11-22 |y BK |z Catalogado en:20130829 |k ICR | ||
| 952 | |0 0 |1 0 |3 erb |4 0 |6 221_000000000000000_SIM_2001 |7 0 |8 A |9 455885 |a BIBTEO |b BIBTEO |d 2019-11-22 |i 5000726 |o 221 SIM 2001 |p 5000726 |r 2025-01-17 |w 2019-11-22 |y BK |z Catalogado en:20130829 |k ICR | ||
| 952 | |0 0 |1 2 |3 erb |4 0 |6 221_000000000000000_SIM_2001 |7 0 |8 A |9 455886 |a BIBTEO |b BIBTEO |d 2019-11-22 |i 5000734 |o 221 SIM 2001 |p 5000734 |r 2019-11-22 |w 2019-11-22 |y BK |z Catalogado en:20130829 |k ICR | ||